000
00253nam a22000977a 4500
082
_a
671.52 WEL'D
245
_a
WELDING TECHNIQUE FOR THE USE OF WELDERS PART-I
260
_a
INDIA
_b
DIRECTOR OF MECHANICAL ENGINEERING
_c
1945
300
_a
92P
942
_c
BK
999
_c
568434
_d
568434